Around at last! (Record no. 5540)

MARC details
000 -LEADER
fixed length control field 00639nam a22001937a 4500
005 - DATE AND TIME OF LATEST TRANSACTION
control field 20250519140004.0
008 - FIXED-LENGTH DATA ELEMENTS--GENERAL INFORMATION
fixed length control field 250519b |||||||| |||| 00| 0 eng d
040 ## - CATALOGING SOURCE
Transcribing agency DepED Dasmarinas City
245 ## - TITLE STATEMENT
Title Around at last!
250 ## - EDITION
Edition statement September 1999 Vol. 196 No. 3
490 ## - SERIES STATEMENT
SERIES STATEMENT National Geographic
520 ## - SUMMARY, ETC.
Summary, etc. Kashmir: Trapped in Conflict, Around At Last!, Masai Passage to Manhood, Olive Oil, Elixir of the Gods, Preserving the Gods, Preserving the Sahara's Art, Hunting With Eagles, Rodeos-Behind the Chutes, Galileo Mission
650 ## - SUBJECT ADDED ENTRY--TOPICAL TERM
General subdivision MANHOOD
650 ## - SUBJECT ADDED ENTRY--TOPICAL TERM
General subdivision OIL
650 ## - SUBJECT ADDED ENTRY--TOPICAL TERM
General subdivision SAHARA
650 ## - SUBJECT ADDED ENTRY--TOPICAL TERM
General subdivision EAGLES
650 ## - SUBJECT ADDED ENTRY--TOPICAL TERM
General subdivision JUPITER
942 ## - ADDED ENTRY ELEMENTS (KOHA)
Source of classification or shelving scheme Dewey Decimal Classification
Koha item type Continuing Resources
999 ## -
-- 5540
-- 5540
Holdings
Homebranch current branch Barcode
DepED Dasmarinas City DepED Dasmarinas City DSMSR091999-045